NFL 2023: Passing Leaders - Statistics

General Stats
  • This quiz has been taken 135 times
  • The average score is 15 of 15
Answer Stats
Number Player name Passing Yards Team % Correct
16 Jared Goff 4575 Detroit Lions
100%
10 Jordan Love 4159 Green Bay Packers
100%
15 Patrick Mahomes 4183 Kansas City Chiefs
100%
13 Brock Purdy 4280 San Francisco 49ers
99%
4 Dak Prescott 4516 Dallas Cowboys
99%
9 Matthew Stafford 3965 Los Angeles Rams
99%
1 Tua Tagovailoa 4624 Miami Dolphins
99%
6 Baker Mayfield 4044 Tampa Bay Buccaneers
98%
17 Josh Allen 4306 Buffalo Bills
98%
8 Lamar Jackson 3678 Baltimore Ravens
98%
16 Trevor Lawrence 4016 Jacksonville Jaguars
98%
7 CJ Stroud 4108 Houston Texans
97%
1 Jalen Hurts 3858 Philadelphia Eagles
97%
4 Derek Carr 3878 New Orleans Saints
92%
14 Sam Howell 3946 Washington Commanders
78%
No matching quizzes found
Score Distribution
Percent of People with Each Score
Percentile by Number Answered
Your Score History
You have not taken this quiz